000 00307nam a2200109Ia 4500
008 171211s9999 xx 000 0 und d
245 _aTurbo Assembler-Wegweiser
245 _cEdwin Rudolfs and Ekkehard Kaier
260 _c2014
650 _xSOFTWARE
856 _uhttp://down.ebook777.com/062/3663124118.pdf
999 _c349354
_d349354